000 00747nam a2200229Ii 4500
003 JO-AjNU
008 230605s9999||||xx |||||||||||||| ||und||
017 _a2004/3/500
020 _a9957-09-157-3
040 _aJO-AjNU
_bara
_erda
_cJO-AjNU
041 _aara
050 1 4 _aPJ7828.L3.Z75 2004
100 3 _aتحرير وتقديم خريس،أحمد,
_eauthor
_923430
245 0 0 _aالمغترب الأبدي يتحدث:حوارات مع غالب هلسا
250 _aط1
264 3 1 _aعمان:وزارة الثقافة،2004
300 _a177ص
336 _atext
_btxt
_2rdacontent
337 _aunmediated
_bn
_2rdamedia
338 _avolume
_bnc
_2rdacarrier
650 4 _aالأدب العربي - حوارات - أدباء
_923431
999 _aA8475
_c12043
_d12043